Ensayo de un diccionario español de sinónimos y antónimos.
Enregistré dans:
| Auteur principal: | |
|---|---|
| Format: | Livre |
| Langue: | anglais |
| Publié: |
Madrid, España:
Aguilar,
1967.
|
| Édition: | Octava edición. |
| Sujets: | |
| Tags: |
Ajouter un tag
Pas de tags, Soyez le premier à ajouter un tag!
|
MARC
| LEADER | 00000nam a22000007a 4500 | ||
|---|---|---|---|
| 003 | CL-VaPUC | ||
| 005 | 20220822114751.0 | ||
| 008 | 220729t1967 ||||| |||| 00| 0 eng d | ||
| 999 | |c 437787 |d 437785 | ||
| 040 | |c Pontificia Universidad Católica de Valparaíso | ||
| 082 | |2 22 |a 463 SAI 1967 | ||
| 100 | |9 303633 |a Sáinz de Robles, Federico Carlos |e autor | ||
| 245 | |a Ensayo de un diccionario español de sinónimos y antónimos. | ||
| 250 | |a Octava edición. | ||
| 260 | |a Madrid, España: |b Aguilar, |c 1967. | ||
| 300 | |a 1147 páginas. | ||
| 500 | |a c.1 Donación Familia Prof. Alejandro Guzmán Brito. | ||
| 583 | |c 20220729 |k Yessy Sthefany Diaz Vidal | ||
| 650 | 0 | |9 255650 |a Diccionario Español |x Sinónimos |x Antónimos | |
| 650 | 0 | |9 255373 |a Sinónimos y antónimos |x Diccionarios |x Español | |
| 942 | |2 ddc |c BK |n 0 | ||
| 952 | |0 0 |1 0 |2 ddc |4 0 |6 463_000000000000000_SAI_1967 |7 0 |8 C_AGB |9 585601 |a BIBDER |b BIBDER |d 2022-07-29 |e Donación |i 5653572 |o 463 SAI 1967 |p 5653572 |r 2023-01-25 |t 1 |w 2022-07-29 |y BK_US |k AGB | ||